The RICS Assessment of Professional Competence (APC) No 2. (Record no. 85222)

MARC details
000 -LEADER
fixed length control field 01294cgm a2200337 4500
001 - CONTROL NUMBER
control field ##M2142
008 - FIXED-LENGTH DATA ELEMENTS--GENERAL INFORMATION
fixed length control field 090401t1995 xxu||||| |||| 00| 0 eng d
035 ## - SYSTEM CONTROL NUMBER
System control number (Sirsi) u36698
041 0# - LANGUAGE CODE
Language code of text/sound track or separate title eng
050 04 - LIBRARY OF CONGRESS CALL NUMBER
Classification number 333.3307 $2 18
110 2# - MAIN ENTRY--CORPORATE NAME
Corporate name or jurisdiction name as entry element College of Estate Management
9 (RLIN) 400
245 04 - TITLE STATEMENT
Title The RICS Assessment of Professional Competence (APC) No 2.
Medium [sound recording]
260 ## - PUBLICATION, DISTRIBUTION, ETC.
Place of publication, distribution, etc. London
Name of publisher, distributor, etc. RICS
Date of publication, distribution, etc. 1995
300 ## - PHYSICAL DESCRIPTION
Extent 1 sound cassette (ca. 60 min.)
350 ## - PRICE (NR) (BK AM CF MU VM SE) [OBSOLETE]
Price 13
490 #0 - SERIES STATEMENT
Series statement Owlion Audio Programme
520 ## - SUMMARY, ETC.
Summary, etc. Provides the opportunity to listen into advisory interviews between an APC candidate and prospective employers and an APC Doctor, as well as the candidates presentation and interview.
690 ## - LOCAL SUBJECT ADDED ENTRY--TOPICAL TERM (OCLC, RLIN)
Topical term or geographic name as entry element CAREERS, EDUCATION AND TRAINING-QUALIFICATION ROUTES-ASSESSMENT OF PROFESSIONAL COMPETENCE
700 1# - ADDED ENTRY--PERSONAL NAME
Personal name Land, Howard
700 1# - ADDED ENTRY--PERSONAL NAME
Personal name Anderson, John
700 1# - ADDED ENTRY--PERSONAL NAME
Personal name Askham, James
700 1# - ADDED ENTRY--PERSONAL NAME
Personal name Gillett, Alan H. P.
700 1# - ADDED ENTRY--PERSONAL NAME
Personal name Latham, Caroline
700 1# - ADDED ENTRY--PERSONAL NAME
Personal name Lilley, David
700 1# - ADDED ENTRY--PERSONAL NAME
Personal name Saunders, David
700 1# - ADDED ENTRY--PERSONAL NAME
Personal name Southam, Roger J.
710 2# - ADDED ENTRY--CORPORATE NAME
Corporate name or jurisdiction name as entry element Royal Institution of Chartered Surveyors
9 (RLIN) 4900
856 48 - ELECTRONIC LOCATION AND ACCESS
Uniform Resource Identifier <a href="https://194.154.180.3/uhtbin/cgisirsi.exe/0/0/0/1/117/X/">https://194.154.180.3/uhtbin/cgisirsi.exe/0/0/0/1/117/X/</a>
Public note Audio Visual materials can only be used in the library.
942 ## - ADDED ENTRY ELEMENTS (KOHA)
Suppress in OPAC 0
948 ## - LOCAL PROCESSING INFORMATION (OCLC); SERIES PART DESIGNATOR (RLIN)
c (OCLC) 04/03/1997
Holdings
Withdrawn status Lost status Source of classification or shelving scheme Damaged status Not for loan Home library Current library Shelving location Date acquired Cost, normal purchase price Total Checkouts Full call number Barcode Date last seen Date last checked out Copy number Cost, replacement price Price effective from Koha item type
    Dewey Decimal Classification     London London Basement 16/07/1996 13.00 10 SHELF 330 30061348 06/08/2019 01/03/2007 1 13.00 06/08/2019 Audio